000 00798nam a2200229Ii 4500
003 JO-AjNU
008 230605s9999||||xx |||||||||||||| ||und||
017 _a3203/8/2012
020 _a978-9957-92-003-6
040 _aJO-AjNU
_bara
_erda
_cJO-AjNU
041 _aara
050 1 4 _aRJ506.A22 2013
100 3 _aخليفة ، وليد/ م مشارك يزيد الخصاونة ، وائل الشرمان ,
_eauthor
_943071
245 0 0 _aالتوحد بين النظرية والتطبيق
250 _aط1
264 3 1 _aعمان :دار الفكر للنشر ،2013
300 _a302ص
336 _atext
_btxt
_2rdacontent
337 _aunmediated
_bn
_2rdamedia
338 _avolume
_bnc
_2rdacarrier
650 4 _aالتوحد -الامراض العقلية -الطب النفسي
_943072
999 _aA18490
_c22058
_d22058